banner-ar

FUNDAMENTALS OF EXTRACTIVE METALLURGY / (Record no. 7031)

MARC details
000 -الفاتح
حقل البيانات ثابتة الطول 00503nam a2200181Ia 4500
008 - عناصر البيانات ثابتة الطول - معلومات عامة
حقل البيانات ثابتة الطول 140319s9999 xx 000 0 eng d
040 ## - مصدر الفهرسة
وكالة الفهرسة الأصلية GCL /
وكالة النسخ GCL
082 04 - رقم تصنيف ديوى العشرى
رقم التصنيف 669
رقم المادة M F
100 1# - المدخل الرئيسى - إسم شخصى
الإسم الشخصى MOHAMED EZZ EL-DAHSHAN
245 10 - بيان العنوان
العنوان FUNDAMENTALS OF EXTRACTIVE METALLURGY /
بيان المسئوليه,etc MOHAMED EZZ EL-DAHSHAN
260 ## - PUBLICATION, DISTRIBUTION, ETC. (IMPRINT)
تاريخ النشر أو التوزيع 1996
300 ## - الوصف المادى
التعداد 32 CM ؛
أبعاد الوعاء 363 P
650 04 - المدخل الاضافى بالموضوع-مصطلح موضوعى
مصطلح موضوعي CHEMICAL ENGINEERING
650 04 - المدخل الاضافى بالموضوع-مصطلح موضوعى
مصطلح موضوعي METALS
650 04 - المدخل الاضافى بالموضوع-مصطلح موضوعى
مصطلح موضوعي METALLURGY
942 ## - عناصر المدخل الإضافي( كوها)
مصدر التصنيف او مخطط الترفيف Dewey Decimal Classification
Koha [default] item type كتاب
260 ## - PUBLICATION, DISTRIBUTION, ETC. (IMPRINT)
-- الرياض :
-- KING SAUD UNIVERSITY ،
Holdings
حالة التراجع حالة الفقد حالة تلف ليس للاعارة المكان المؤقت الموقع الحالى تاريخ الاكتساب اجمالي اﻻعارات رقم الطلب الباركود تاريخ اخر مشاهدة تاريخ تفعيل السعر نوع وعاء كوها
        مكتبة القاهرة الكبرى مكتبة القاهرة الكبرى 03/26/2014   669\M F 14660 03/26/2014 03/26/2014 كتاب

Powered By

EGPV